| 000 | 01807cam a22004454a 4500 | ||
|---|---|---|---|
| 999 |
_c7644 _d7644 |
||
| 001 | 12591860 | ||
| 003 | OSt | ||
| 005 | 20200129110613.0 | ||
| 008 | 011116s2002 ii a f 001 0 eng | ||
| 010 | _a 2001058126 | ||
| 020 | _a0761996095 (U.S. : pbk.) | ||
| 020 | _a780761996095 | ||
| 020 | _a9780761996095 (U.S. : pbk.) | ||
| 020 | _a0761996141 (U.S. : hardback) | ||
| 020 | _a9780761996149 (U.S. : hardback) | ||
| 020 | _a8178290804 (India : hardback) | ||
| 020 | _a9788178290805 (India : hardback) | ||
| 020 | _a8178290812 (India : pbk.) | ||
| 020 | _a9788178290812 (India : pbk.) | ||
| 035 | _a(OCoLC)ocm48474025 | ||
| 035 | _a(OCoLC)48474025 | ||
| 040 |
_aDLC _cDLC _dYDX _dBAKER _dBTCTA _dYDXCP _dDLC |
||
| 042 | _apcc | ||
| 043 | _aa-ii--- | ||
| 050 | 0 | 0 |
_aHD2346.I5 _bV468 2002 |
| 082 | 0 | 0 |
_a658.0220954 _221 |
| 100 |
_aVerma, J C _d1936- _91432 |
||
| 245 | 1 | 0 |
_aSmall business and industry : _ba handbook for entrepreneurs / _cJ.C. Verma, Gurpal Singh. |
| 260 |
_aNew Delhi ; _aThousand Oaks, Calif. : _bRepsonse Books, _c2002. |
||
| 300 |
_a318 p. : _bill. ; _c23 cm. |
||
| 500 | _aIncludes index. | ||
| 650 | 0 |
_aSmall business _zIndia _xManagement _vHandbooks, manuals, etc. |
|
| 650 | 0 |
_aNew business enterprises _zIndia _vHandbooks, manuals, etc. |
|
| 700 | 1 |
_aSingh, Gurpal, _d1953- _91652 |
|
| 856 | 4 | 2 |
_3Publisher description _uhttp://www.loc.gov/catdir/enhancements/fy0728/2001058126-d.html |
| 856 | 4 | 1 |
_3Table of contents only _uhttp://www.loc.gov/catdir/enhancements/fy0728/2001058126-t.html |
| 906 |
_a7 _bcbc _corignew _d1 _eocip _f20 _gy-gencatlg |
||
| 942 |
_2ddc _cBK _h658.0220954 _iVER/S _k658.0220954 _mVER/S |
||